书目信息 |
| 题名: |
北斗授时终端及其检测技术
|
|
| 作者: | 陈向东 著 | |
| 分册: | ||
| 出版信息: | 北京 电子工业出版社 2016.4 |
|
| 页数: | 12,170页 | |
| 开本: | 24cm | |
| 丛书名: | ||
| 单 册: | ||
| 中图分类: | TN967.1 | |
| 科图分类: | ||
| 主题词: | 卫星导航--时间服务--终端设备 | |
| 电子资源: | ||
| ISBN: | 978-7-121-28519-6 | |
| 000 | 01118nam0 2200253 450 | |
| 001 | 0400002085 | |
| 005 | 20171020092746.0 | |
| 010 | @a978-7-121-28519-6@dCNY48.00 | |
| 100 | @a20160516d2016 em y0chiy50 ea | |
| 101 | 0 | @achi |
| 102 | @aCN@b110000 | |
| 105 | @aa z 000yy | |
| 106 | @ar | |
| 200 | 1 | @a北斗授时终端及其检测技术@9bei dou shou shi zhong duan ji qi jian ce ji shu@b专著@f陈向东[等]著 |
| 210 | @a北京@c电子工业出版社@d2016.4 | |
| 215 | @a12,170页@c图@d24cm | |
| 300 | @a北斗系统与应用出版工程 技术篇 “十二五”国家重点图书出版规划项目 国家出版基金项目 | |
| 304 | @a著者还有:郑瑞锋、陈洪卿、熊立、俞能杰 | |
| 330 | @a本书先从概念入手,介绍了国际上通用的几类时间的基本概念、定义及时频传递,卫星导航系统及其授时原理,GNSS系统时间及其时间系统定义等。在此基础重点阐述了北斗授时终端技术及其发展、北斗授时终端的守时原理及频率源、系统组网授时、北斗授时终端测试原理与方法、测试系统重要组成——GNSS信号模拟器等。 | |
| 606 | 0 | @a卫星导航@x时间服务@x终端设备 |
| 690 | @aTN967.1@v5 | |
| 701 | 0 | @a陈向东@9chen xiang dong@f(1970- )@4著 |
| 801 | 0 | @aCN@b91MARC@c20171020 |
| 905 | @b1031460-4@dTN967.1@f5@e31 | |
| 北斗授时终端及其检测技术/陈向东[等]著.-北京:电子工业出版社,2016.4 |
| 12,170页:图;24cm |
| 北斗系统与应用出版工程 技术篇 “十二五”国家重点图书出版规划项目 国家出版基金项目 |
| ISBN 978-7-121-28519-6:CNY48.00 |
| 本书先从概念入手,介绍了国际上通用的几类时间的基本概念、定义及时频传递,卫星导航系统及其授时原理,GNSS系统时间及其时间系统定义等。在此基础重点阐述了北斗授时终端技术及其发展、北斗授时终端的守时原理及频率源、系统组网授时、北斗授时终端测试原理与方法、测试系统重要组成——GNSS信号模拟器等。 |
| ● |
| 相关链接 |
|
|
|
|
正题名:北斗授时终端及其检测技术
索取号:TN967.1/31
 
预约/预借
| 序号 | 登录号 | 条形码 | 馆藏地/架位号 | 状态 | 备注 |
| 1 | 1031460 | 210314603 | 第二样本阅览室/ [索取号:TN967.1/31] | 在馆 | |
| 2 | 1031461 | 210314612 | 密集书库-物理学院/ [索取号:TN967.1/31] | 在馆 | |
| 3 | 1031462 | 210314621 | 第三借阅区/ [索取号:TN967.1/31] | 在馆 | |
| 4 | 1031463 | 210314630 | 第三借阅区/ [索取号:TN967.1/31] | 在馆 | |
| 5 | 1031464 | 210314649 | 第三借阅区/ [索取号:TN967.1/31] | 在馆 |